Statistiken für Verwaltungskreise des Kantons Bern

Klicken Sie hier um das Quiz zu spielen!

Allgemein

  • Dieses Quiz wurde 21 mal gespielt
  • Das Durchschnittsergebnis liegt bei 6 aus 10

Antwortstatistiken

Verwaltungskreis% Korrekt
Bern-Mittelland
100%
Thun
81%
Biel/Bienne
63%
Interlaken-Oberhasli
63%
Emmental
56%
Oberaargau
56%
Seeland
56%
Frutigen-Niedersimmental
50%
Obersimmental-Saanen
31%
Berner Jura
25%

Verteilung der Resultate

Perzentil nach korrekt beantworteten Fragen

Anzahl Personen mit jedem Resultat

Ihre Resultats-Entwicklung

Sie haben dieses Quiz noch nicht gespielt